|
|
|
|
| LEADER |
00000naa0a2200000 4500 |
| 001 |
643826 |
| 005 |
20250606132227.0 |
| 035 |
|
|
|a (RuTPU)RU\TPU\network\8825
|
| 090 |
|
|
|a 643826
|
| 100 |
|
|
|a 20151005d2015 k y0rusy50 ca
|
| 101 |
0 |
|
|a rus
|
| 102 |
|
|
|a RU
|
| 135 |
|
|
|a drcn ---uucaa
|
| 181 |
|
0 |
|a i
|
| 182 |
|
0 |
|a b
|
| 200 |
1 |
|
|a Закономерности распределения фтора в подземных водах Томской области
|f А. В. Савенко [и др.]
|
| 203 |
|
|
|a Текст
|c электронный
|
| 300 |
|
|
|a Заглавие с экрана
|
| 320 |
|
|
|a [Библиогр.: с. 310 (6 назв.)]
|
| 330 |
|
|
|a Изучено распределение фтора в подземных водах Томской области питьевого назначения. Установлено его среднее содержание (0.24±0.07 мг/л) и диапазон изменений (0.13–0.45 мг/л). Показано, что корреляционные связи фтора с минерализацией и концентрациями ионов основного солевого состава практически отсутствуют,однако прослеживается тесная положительная корреляция между концентрацией фтора и величиной рН. Это свидетельствует об определяющей роли кислотности среды в сорбционной иммобилизации рассеянного фтора и согласуется с результатами экспериментальных исследований.
|
| 463 |
|
|
|t Геологическая эволюция взаимодействия воды с горными породами
|o материалы Второй Всероссийской конференции с международным участием, г. Владивосток, 06 – 11 сентября 2015 г.
|f Дальневосточный федеральный университет, Дальневосточный геологический институт ДВО РАН, Московский государственный университет им. М.В. Ломоносова, Национальный исследовательский Томский политехнический университет
|v [С. 307-310]
|d 2015
|
| 610 |
1 |
|
|a электронный ресурс
|
| 610 |
1 |
|
|a труды учёных ТПУ
|
| 610 |
1 |
|
|a вмещающие породы
|
| 701 |
|
1 |
|a Савенко
|b А. В.
|
| 701 |
|
1 |
|a Савенко
|b В. С.
|
| 701 |
|
1 |
|a Иванова
|b И. С.
|c гидрогеолог
|c инженер Томского политехнического университета
|f 1986-
|g Ирина Сергеевна
|3 (RuTPU)RU\TPU\pers\28195
|
| 701 |
|
1 |
|a Шварцев
|b С. Л.
|c российский гидрогеолог, доктор геолого-минералогических наук
|c профессор Томского политехнического университета, академик РАЕН
|f 1936-
|g Степан Львович
|3 (RuTPU)RU\TPU\pers\25914
|
| 712 |
0 |
2 |
|a Национальный исследовательский Томский политехнический университет (ТПУ)
|b Институт природных ресурсов (ИПР)
|b Кафедра гидрогеологии, инженерной геологии и гидрогеоэкологии (ГИГЭ)
|3 (RuTPU)RU\TPU\col\18664
|
| 712 |
0 |
2 |
|a Национальный исследовательский Томский политехнический университет (ТПУ)
|b Институт неразрушающего контроля (ИНК)
|b Проблемная научно-исследовательская лаборатория электроники, диэлектриков и полупроводников (ПНИЛ ЭДиП)
|3 (RuTPU)RU\TPU\col\19033
|
| 801 |
|
2 |
|a RU
|b 63413507
|c 20151005
|g RCR
|
| 850 |
|
|
|a 63413507
|
| 856 |
4 |
|
|u http://confwr2015.fegi.ru/
|
| 942 |
|
|
|c CF
|